Workshop practice Vol-3 / (Record no. 11196)
[ view plain ]
| 000 -LEADER | |
|---|---|
| fixed length control field | 00430cam a2200169ua 4500 |
| 041 ## - LANGUAGE CODE | |
| Language code of text/sound track or separate title | eng |
| 082 ## - DEWEY DECIMAL CLASSIFICATION NUMBER | |
| Classification number | 621.901 |
| Item number | ATH/WO |
| 100 ## - MAIN ENTRY--AUTHOR NAME | |
| Personal name | William , H Atherton . |
| 245 ## - TITLE STATEMENT | |
| Title | Workshop practice Vol-3 / |
| 250 ## - EDITION STATEMENT | |
| Edition statement | 3 / |
| 260 ## - PUBLICATION, DISTRIBUTION, ETC. (IMPRINT) | |
| Place of publication | : |
| Name of publisher | New Era publishing co. Ltd , |
| Year of publication | 1959. |
| 300 ## - PHYSICAL DESCRIPTION | |
| Number of Pages | 325 ; . |
| 500 ## - GENERAL NOTE | |
| General note | **Reference |
| 942 ## - ADDED ENTRY ELEMENTS (KOHA) | |
| Koha item type | Books |
No items available.
